00993naa#a2200193#i#4500001001600000005001700016011001400033100004100047102000700088200032300095210012800418215001000546608004500556675003700601700005200638700006300690700002600753856002000779RU\\bibl\12026720260416224048.4##a1819-4036##a20210331b2021####ek#y0rusy0150####ca##aRU1#aИММУНОГЕМАТОЛОГИЧЕСКИЕ ХАРАКТЕРИСТИКИ И ФУНКЦИОНАЛЬНАЯ АКТИВНОСТЬ КЛЕТОК КРОВИ КРУПНОГО РОГАТОГО СКОТА ПРИ ДЕЙСТВИИ МАЛЫХ ДОЗ ИОНИЗИРУЮЩЕГО ИЗЛУЧЕНИЯeЖурнальная статья1#aКрасноярскcКрасноярский государственный аграрный университетd2021##a8 с.##aЖурнальная статья2local##aОбщая зоология. 591#1aФедотоваgАрина Сергеевна#1aМакарскаяgГалина Владимировна #1aТарскихgС В4#avestnik.kgau.ru